| 000 | 00581nam a22002057a 4500 | ||
|---|---|---|---|
| 999 |
_c524660 _d524660 |
||
| 003 | NUST | ||
| 020 | _a978-969-534-134-6 | ||
| 038 | _aFaiza | ||
| 082 |
_a891.439 _bIQB |
||
| 100 |
_aIqbal, Jamshed _915462 |
||
| 245 |
_aAlamgir Tasawuf / _cJamshed Iqbal |
||
| 260 |
_aLahore : _bBeacon Books, _c2008. |
||
| 300 | _a200 p. ; | ||
| 500 | _aHard cover. | ||
| 504 | _aBibliography, Reference. | ||
| 880 |
_6100-01\r _aجمشید اقبال |
||
| 880 |
_6245-02\r _aعالمگیر تصوف / |
||
| 880 |
_6260-03\r _aلاہور : _bبیکن بُکس, _c۲۰۰۸. |
||
| 942 |
_2ddc _cBK |
||